000 00338nam a2200145Ia 4500
008 191201s2004 xx 000 0 und d
082 _a621.313
_bBIE
100 _aBIMBRA, P S
245 0 _aElectric Machines
250 _a7th
260 _aN.Delhi
_bKhanna Publisher
_c2004
300 _a1060
650 _aB.Tech(ECE)
942 _2ddc
_cBK
999 _c2167
_d2167